000
00238nam a2200085Ia 4500
245
0
_a
A little taste of - Italy
100
_a
BRAIMBRIDGE, Sophie Sydney, NSW, 2003
_9
95685
942
_c
BK
008
210817s9999 xx 000 0 und d
999
_c
399083
_d
399082